| 000 | 00630nam a2200205 a 4500 | ||
|---|---|---|---|
| 001 | 591 | ||
| 003 | CDMR | ||
| 005 | 20131113115528.0 | ||
| 008 | 130130s2004||||||||||||||||||||||||||||d | ||
| 020 | _a8431321792 | ||
| 040 |
_aCDMR _bcat _cCPC LLEIDA |
||
| 100 | 1 |
_aDavid Tulloch, Christopher _9438 |
|
| 245 | 1 | 0 |
_aCorresponsales en el extranjero _b: mito y realidad _cChristopher David Tulloch |
| 260 |
_aPamplona _c2004 _bEUNSA |
||
| 490 | 0 | _aComunicación (EUNSA) | |
| 650 | 0 | 4 |
_92802 _aCorresponsals estrangers |
| 650 | 0 | 4 |
_92030 _aPeriodisme _xOrientació professional |
| 650 | 0 | 4 |
_93083 _aCompetències professionals |
| 942 |
_cMON _2udc |
||
| 999 |
_c591 _d591 |
||